¿Qué es la música electrónica? / (Record no. 123116)

MARC details
000 -LEADER
campo de control de longitud fija 00539nam a2200193 4500
001 - NÚMERO DE CONTROL
campo de control 123116
003 - IDENTIFICADOR DE NÚMERO DE CONTROL
campo de control ES-MaACL
005 - FECHA Y HORA DE LA ÚLTIMA TRANSACCIÓN
campo de control 20230906192120.0
007 - CAMPO FIJO DE DESCRIPCIÓN FÍSICA--INFORMACIÓN GENERAL
campo de control de longitud fija t|
008 - DATOS DE LONGITUD FIJA--INFORMACIÓN GENERAL
campo de control de longitud fija 070214s1973 ag r ||||0| spa d
245 01 - MENCIÓN DEL TÍTULO
Título ¿Qué es la música electrónica? /
Mención de responsabilidad, etc. Herbert Eimert [et. al.].
260 ## - PUBLICACIÓN, DISTRIBUCIÓN, ETC.
Lugar de publicación, distribución, etc. Buenos Aires :
Nombre del editor, distribuidor, etc. Nueva Visión,
Fecha de publicación, distribución, etc. 1973.
300 ## - DESCRIPCIÓN FÍSICA
Extensión 136 p :
Otras características físicas il ;
Dimensiones 18 cm.
490 1# - MENCIÓN DE SERIE
Mención de serie Fichas
700 1# - ENTRADA AGREGADA--NOMBRE PERSONAL
Nombre de persona Eimert, Herbert.
9 (RLIN) 46832
830 0# - PUNTO DE ACCESO ADICIONAL DE SERIE-TÍTULO UNIFORME
Título uniforme Fichas
9 (RLIN) 182784
852 ## - LOCALIZACIÓN
Ubicación ES-MaACL
Número de control de estantería A-7877
Sublocalización o colección R.96425
Holdings
Estatus retirado Estado de pérdida Estado de daño No para préstamo Biblioteca de origen Biblioteca actual Ubicación en estantería Fecha de adquisición Fuente de adquisición Total de préstamos Signatura topográfica completa Código de barras Visto por última vez Precio de reemplazo Tipo de ítem Koha
        Biblioteca del Ateneo de Madrid Biblioteca del Ateneo de Madrid Sala Pecera Planta 1 17/01/2008     A-7877 1128287 23/02/2023 23/02/2023 Libro impreso